000 00416nam a2200157 i 4500
001 59822
003 ES-MaACL
005 20230906164114.0
007 t|
008 031031s1912 xxk ||||1| eng d
100 1 _aEnock, C. Reginald.
_947255
245 1 0 _aBranston heath /
_cC. Reginald Enock.
260 _aLondon :
_bJ.M. Dent & Sons limited,
_c1912.
300 _a421 p. ;
_c19 cm.
852 _aES-MaACL
_jD-3487
999 _c59822
_d59822